00748cam a2200193 a 4500008004100000020002300041245016800064260003200232300002100264504004100285650006900326650004800395650003600443700002200479710002600501003000100527005001700528040000900545  a0947568239 (hbk. )10aOnline information retrieval in practice :bproceedings of the 2nd UK Online User Group State of the Art Conference, Bristol, 1986 /c[edited by] Linda Dorrington. aLondon :bT. Graham,c1987. a158 p. ;c23 cm. aIncludes bibliographical references. 0aInformation serviceszGreat BritainxUser educationvCongresses. 0aOnline bibliographic searchingvCongresses. 0aDatabase searchingvCongresses.1 aDorrington, L. F.2 aUK Online User Group.20230123133242.0 cNUST